MAASAI MARA UNIVERSITY

LIBRARY CATALOGUE

Contact Us: +254 020 2685356/7 or 0774 057787

Box: 861-20500, NAROK, KENYA

Email: info@mmarau.ac.ke

Applied nutrition and diet therapy for nurses / (Record no. 16530)

MARC details
000 -LEADER
fixed length control field 01186nam a22003497a 4500
003 - CONTROL NUMBER IDENTIFIER
control field OSt
005 - DATE AND TIME OF LATEST TRANSACTION
control field 20230221062514.0
008 - FIXED-LENGTH DATA ELEMENTS--GENERAL INFORMATION
fixed length control field 160224b xxu||||| |||| 00| 0 eng d
010 ## - LIBRARY OF CONGRESS CONTROL NUMBER
LC control number 92049079
020 ## - INTERNATIONAL STANDARD BOOK NUMBER
International Standard Book Number 0721667856
040 ## - CATALOGING SOURCE
Original cataloging agency MMU
Transcribing agency MMU
Modifying agency MMU
Language of cataloging eng
050 00 - LIBRARY OF CONGRESS CALL NUMBER
Classification number RM216
Item number .B96 1994
060 ## - NATIONAL LIBRARY OF MEDICINE CALL NUMBER
Classification number WB 400 D262a
082 00 - DEWEY DECIMAL CLASSIFICATION NUMBER
Classification number 615.8/54
Edition number 20
100 1# - MAIN ENTRY--PERSONAL NAME
Personal name Davis, Judi Ratliff.
245 10 - TITLE STATEMENT
Title Applied nutrition and diet therapy for nurses /
Statement of responsibility, etc. Judi Ratliff Davis, Kim Sherer.
250 ## - EDITION STATEMENT
Edition statement 2nd ed.
260 ## - PUBLICATION, DISTRIBUTION, ETC. (IMPRINT)
Place of publication, distribution, etc. Philadelphia :
Name of publisher, distributor, etc. W.B. Saunders,
Date of publication, distribution, etc. c1994.
300 ## - PHYSICAL DESCRIPTION
Extent xvii, 1154 p. :
Other physical details ill. ;
Dimensions 29 cm.
500 ## - GENERAL NOTE
General note Rev. ed. of: Applied nutrition and diet therapy / Grace Burtis, Judi Davis, Sandra Martin. 1988.
504 ## - BIBLIOGRAPHY, ETC. NOTE
Bibliography, etc Includes bibliographical references and index.
650 #0 - SUBJECT ADDED ENTRY--TOPICAL TERM
Topical term or geographic name as entry element Diet therapy.
650 #0 - SUBJECT ADDED ENTRY--TOPICAL TERM
Topical term or geographic name as entry element Nutrition.
650 #0 - SUBJECT ADDED ENTRY--TOPICAL TERM
Topical term or geographic name as entry element Nursing.
650 #2 - SUBJECT ADDED ENTRY--TOPICAL TERM
Topical term or geographic name as entry element Diet Therapy
General subdivision nurses' instruction.
650 #2 - SUBJECT ADDED ENTRY--TOPICAL TERM
Topical term or geographic name as entry element Nutrition
General subdivision nurses' instruction.
700 1# - ADDED ENTRY--PERSONAL NAME
Personal name Sherer, Kim.
700 1# - ADDED ENTRY--PERSONAL NAME
Personal name Burtis, Grace.
Title of a work Applied nutrition and diet therapy.
906 ## - LOCAL DATA ELEMENT F, LDF (RLIN)
a 7
b cbc
c orignew
d 1
e ocip
f 19
g y-gencatlg
942 ## - ADDED ENTRY ELEMENTS (KOHA)
Source of classification or shelving scheme Library of Congress Classification
Koha item type L
Edition 2nd ed.
Holdings
Withdrawn status Lost status Source of classification or shelving scheme Damaged status Not for loan Home library Current library Date acquired Source of acquisition Total Checkouts Full call number Barcode Date last seen Date last checked out Price effective from Koha item type
    Library of Congress Classification     Maasai Mara University Library -Main Campus Maasai Mara University Library -Main Campus 02/24/2016 Donation 2 RM216 .B96 1993 201515601 12/17/2020 11/13/2020 02/24/2016 L
© 2016 Maasai Mara University.